[Event "Elit(Stockholms SS-Kristallen)"]
[Site "?"]
[Date "2025.03.08"]
[Round "8"]
[White "Westerberg, Jonathan"]
[Black "Lindh, Fredrik"]
[Result "1-0"]
[WhiteElo "2470"]
[BlackElo "2269"]
[PlyCount "139"]
[SourceVersionDate "2025.03.26"]

1. e4 c5 2. d3 e6 3. g3 d5 4. Nd2 Nf6 5. Bg2 Nc6 6. Ngf3 dxe4 7. dxe4 e5 8. O-O Be7 9. c3 O-O 10. Qe2 Qc7 11. Nc4 Be6 12. Nh4 Rfd8 13. Nf5 b5 14. Nxe7+ Qxe7 15. Ne3 Rab8 16. Nf5 Qd7 17. Qf3 Bxf5 18. exf5 e4 19. Qf4 Ne7 20. g4 Ned5 21. Qg3 h6 22. Re1 Re8 23. Bd2 Rbd8 24. Rad1 Nb6 25. Bf1 Qc6 26. g5 hxg5 27. Bxg5 Rxd1 28. Rxd1 e3 29. Bxe3 Ne4 30. Qg2 Na4 31. Bc1 c4 32. Re1 Nac5 33. Be3 Nd3 34. Bxd3 cxd3 35. Rd1 Qd5 36. Bd4 f6 37. Rxd3 Qxa2 38. Qg6 Qb1+ 39. Kg2 Qxd3 40. Qxe8+ Kh7 41. Qh5+ Kg8 42. Qf3 Qb1 43. Bxa7 Kh7 44. Bd4 Nd2 45. Qh5+ Kg8 46. Qe2 Nc4 47. Qe8+ Kh7 48. Qxb5 Nxb2 49. Qb7 Qxf5 50. Qf3 Qg5+ 51. Qg3 Qd5+ 52. f3 Nc4 53. Qh4+ Kg8 54. Qg4 Kf7 55. h4 Nd6 56. h5 Nf5 57. Qe4 Qa2+ 58. Kh3 Qe6 59. Qxe6+ Kxe6 60. Kg4 Nh6+ 61. Kf4 Nf7 62. c4 Nd6 63. c5 Nb5 64. Bb2 Nc7 65. Ke4 Nd5 66. c6 f5+ 67. Kd4 Kd6 68. Kc4 Nf4 69. Kb5 Nxh5 70. Be5+ 1-0

[Event "Elit(SS 4 Springare-LASK)"]
[Site "?"]
[Date "2025.03.08"]
[Round "8"]
[White "Galperin, Platon"]
[Black "Ernst, Sipke"]
[Result "1-0"]
[WhiteElo "2495"]
[BlackElo "2517"]
[PlyCount "69"]
[SourceVersionDate "2025.03.29"]

1. d4 d5 2. c4 dxc4 3. Nf3 c5 4. e3 e6 5. Bxc4 Nf6 6. O-O a6 7. Re1 Be7 8. e4 cxd4 9. e5 Nd5 10. Qxd4 Nb6 11. Qg4 Nxc4 12. Qxg7 Rf8 13. Nc3 Nd7 14. Ne4 Qa5 15. Bf4 Nxb2 16. Bg5 Nc4 17. Rad1 Bxg5 18. Nfxg5 Qxe5 19. Nd6+ Qxd6 20. Rxd6 Nxd6 21. Nxh7 Nf5 22. Qg5 Ne7 23. Nxf8 Nxf8 24. h4 Bd7 25. h5 Rc8 26. Re4 b6 27. Rg4 Rc5 28. Qh4 Rc1+ 29. Kh2 Rc2 30. h6 Nf5 31. Qf6 Rxf2 32. Rg8 Ne7 33. Rxf8+ Kxf8 34. Qh8+ Ng8 35. h7 1-0

[Event "Elit(Stockholms SS-Kristallen)"]
[Site "?"]
[Date "2025.03.08"]
[Round "8"]
[White "Religa, Marek"]
[Black "Lokander, Martin"]
[Result "1/2-1/2"]
[WhiteElo "2285"]
[BlackElo "2468"]
[PlyCount "63"]
[SourceVersionDate "2025.03.26"]

1. e4 e5 2. Nf3 Nc6 3. Nc3 Nf6 4. h3 d5 5. exd5 Nxd5 6. Bb5 Nxc3 7. bxc3 Bd6 8. O-O O-O 9. d4 exd4 10. cxd4 h6 11. c4 Qf6 12. Bb2 Bf5 13. Qb3 a6 14. Bxc6 bxc6 15. d5 Qg6 16. Nh4 Qg5 17. Nxf5 Qxf5 18. c5 Be5 19. Bxe5 Qxe5 20. Rad1 cxd5 21. Rxd5 Qe6 22. Rfd1 Rab8 23. Qg3 Qc6 24. Rd7 Qxc5 25. Qxc7 Qxc7 26. Rxc7 Rb2 27. a4 Rb4 28. a5 Rb5 29. Rdd7 Rxa5 30. Ra7 Ra1+ 31. Kh2 a5 32. Rd5 1/2-1/2

[Event "Elit(SS 4 Springare-LASK)"]
[Site "?"]
[Date "2025.03.08"]
[Round "8"]
[White "Storme, Isak"]
[Black "Larkin, Vladyslav"]
[Result "1/2-1/2"]
[WhiteElo "2455"]
[BlackElo "2451"]
[PlyCount "157"]
[SourceVersionDate "2025.03.29"]

1. d4 Nf6 2. c4 e6 3. Nf3 Bb4+ 4. Bd2 a5 5. g3 b6 6. Bg2 Bb7 7. O-O O-O 8. Bg5 Be7 9. Qc2 Be4 10. Qc1 Bb7 11. Rd1 d6 12. Bxf6 Bxf6 13. Nc3 Nd7 14. h4 g6 15. e4 Qe7 16. Qe3 e5 17. d5 Bg7 18. Bh3 Nc5 19. h5 f5 20. hxg6 hxg6 21. Nh4 f4 22. Qe2 Rf6 23. Nf3 Raf8 24. Rf1 Bh6 25. Kg2 Qd8 26. g4 R6f7 27. Rh1 Bg5 28. Rh2 Rh7 29. Rah1 Bc8 30. Kg1 Kg7 31. Bg2 Rxh2 32. Nxh2 Rh8 33. Nf1 Bh4 34. Bf3 Nd7 35. Rh2 Nf6 36. Rg2 Nh7 37. Rh2 Bd7 38. Bg2 Qg5 39. f3 Nf6 40. Nb5 Bxb5 41. cxb5 Nd7 42. Nd2 Bg3 43. Rxh8 Kxh8 44. Bf1 Qh4 45. Qg2 Be1 46. Nb3 Kg7 47. Qh2 Qd8 48. a4 Bb4 49. Bd3 Qg5 50. Kf1 Bc5 51. Be2 Be3 52. Bd1 Qh6 53. Qxh6+ Kxh6 54. Kg2 Bd4 55. Kh3 Kg5 56. Be2 Bxb2 57. Bf1 Bd4 58. Be2 Nf6 59. Bd3 Be3 60. Be2 Nh7 61. Bd3 Kf6 62. Be2 Ng5+ 63. Kg2 Nf7 64. Bd3 Nd8 65. Kh3 Nb7 66. Be2 Nd8 67. Bd3 Nf7 68. Be2 Bf2 69. Bd3 Nh8 70. Kg2 Be3 71. Kh3 g5 72. Be2 Ng6 73. Bd1 Nf8 74. Be2 Nd7 75. Bd3 Nc5 76. Nxc5 dxc5 77. Bc4 Ke7 78. Kg2 Kd6 79. Kh1 1/2-1/2

[Event "Elit(Stockholms SS-Kristallen)"]
[Site "?"]
[Date "2025.03.08"]
[Round "8"]
[White "Ertan, Can"]
[Black "Walinder, Lars"]
[Result "1-0"]
[WhiteElo "2358"]
[BlackElo "2209"]
[PlyCount "103"]
[SourceVersionDate "2025.03.26"]

1. e4 c5 2. Nf3 d6 3. d4 cxd4 4. Nxd4 Nf6 5. Nc3 a6 6. Be2 e5 7. Nb3 Be7 8. Be3 Be6 9. O-O O-O 10. f4 exf4 11. Rxf4 Nc6 12. Nd5 Bxd5 13. exd5 Ne5 14. Rb4 Qc7 15. Bb6 Qc8 16. a4 Nfd7 17. Bf2 Qc7 18. a5 Rfc8 19. Nd4 g6 20. Ra3 Rab8 21. c4 Qd8 22. Nb3 Rc7 23. Ba7 Ra8 24. Bd4 Bf6 25. Qf1 Bg7 26. Qf2 Rac8 27. Nd2 Qg5 28. Be3 Qe7 29. Rbb3 f5 30. h3 Nc5 31. Rc3 Rf8 32. b4 Ne4 33. Nxe4 fxe4 34. Qg3 Nd3 35. Bxd3 Bxc3 36. Rxc3 Qf6 37. Bd2 Qd4+ 38. Kh2 exd3 39. Rxd3 Qxc4 40. Rc3 Qxd5 41. Rxc7 Qxd2 42. Rxb7 Rf7 43. Rb6 d5 44. Qe5 Qf4+ 45. Qxf4 Rxf4 46. Kg3 Rc4 47. Rb7 Rc6 48. Kf4 Re6 49. Kg5 Re2 50. g4 Ra2 51. Kf6 Rf2+ 52. Ke5 1-0

[Event "Elit(SS 4 Springare-LASK)"]
[Site "?"]
[Date "2025.03.08"]
[Round "8"]
[White "Sivuk, Vitaly"]
[Black "Pantzar, Milton"]
[Result "1-0"]
[WhiteElo "2493"]
[BlackElo "2452"]
[PlyCount "87"]
[SourceVersionDate "2025.03.29"]

1. d4 d5 2. c4 e6 3. Nc3 Nf6 4. cxd5 exd5 5. Bg5 c6 6. e3 Bf5 7. Nge2 Nbd7 8. Ng3 Bg6 9. h4 h6 10. Bf4 h5 11. f3 Be7 12. Bd3 Bxd3 13. Qxd3 g6 14. O-O-O O-O 15. Kb1 b5 16. Nce2 Re8 17. Bh6 c5 18. Nf4 c4 19. Qc2 Nf8 20. e4 dxe4 21. Nxe4 Nd5 22. Nxd5 Qxd5 23. g4 Nh7 24. gxh5 Qxh5 25. Bg5 Qxf3 26. Rhf1 Qh3 27. d5 Bxg5 28. hxg5 Rad8 29. d6 Qg4 30. Rd4 Qh3 31. Qf2 Qf5 32. Qxf5 gxf5 33. Rxf5 a6 34. Nf6+ Nxf6 35. gxf6 Re1+ 36. Kc2 Rh1 37. d7 Kh7 38. Re5 Rh2+ 39. Kc3 Rh3+ 40. Kb4 Rd3 41. Rxd3 cxd3 42. Rd5 Kg6 43. Kc5 Kxf6 44. Kd6 1-0

[Event "Elit(Stockholms SS-Kristallen)"]
[Site "?"]
[Date "2025.03.08"]
[Round "8"]
[White "Persson, Andreas"]
[Black "Thorn, Eric"]
[Result "1/2-1/2"]
[WhiteElo "2170"]
[BlackElo "2345"]
[PlyCount "100"]
[SourceVersionDate "2025.03.28"]

1. d4 Nf6 2. Nf3 d5 3. g3 c5 4. Bg2 cxd4 5. O-O h6 6. b3 e6 7. Bb2 Be7 8. Nxd4 O-O 9. c4 Qb6 10. cxd5 Nxd5 11. Nd2 Rd8 12. a3 Bf6 13. Nc4 Qa6 14. Qc2 b5 15. Ne3 Bb7 16. Ng4 Bxd4 17. Bxd4 Nf4 18. gxf4 Rxd4 19. e3 Bxg2 20. Kxg2 Rd8 21. Ne5 Rc8 22. Qe4 Nc6 23. Nd3 Na5 24. Nc5 Qc6 25. Qxc6 Rxc6 26. b4 Nc4 27. Rfd1 a5 28. Kf3 g6 29. Ke2 Rc7 30. Nb3 Rb7 31. Nxa5 Nxa5 32. bxa5 Rxa5 33. Rdb1 Kg7 34. Rb4 Kf6 35. Kf3 Rc7 36. Rab1 Rc5 37. R1b3 Rd5 38. Rc3 Ke7 39. Rc7+ Rd7 40. Rc5 Rxa3 41. Rcxb5 Ra2 42. Rb7 Rxb7 43. Rxb7+ Kf6 44. Rc7 g5 45. fxg5+ hxg5 46. Rb7 Kg6 47. Re7 Rb2 48. Kg3 Ra2 49. Kf3 Rb2 50. Kg3 Ra2 1/2-1/2

[Event "Elit(SS 4 Springare-LASK)"]
[Site "?"]
[Date "2025.03.08"]
[Round "8"]
[White "Kucuksari, Kaan"]
[Black "Poley, Vladimir"]
[Result "0-1"]
[WhiteElo "2462"]
[BlackElo "2271"]
[PlyCount "118"]
[SourceVersionDate "2025.03.29"]

1. d4 d6 2. Nf3 Bg4 3. c4 c6 4. Nc3 Nf6 5. g3 Bxf3 6. exf3 e6 7. Be3 Be7 8. f4 d5 9. c5 b6 10. b4 O-O 11. Be2 a5 12. a3 axb4 13. axb4 Rxa1 14. Qxa1 bxc5 15. bxc5 Bxc5 16. dxc5 d4 17. Bc1 dxc3 18. Qxc3 Nd5 19. Qa3 Nd7 20. O-O Qa8 21. Qf3 Rb8 22. f5 Nxc5 23. fxe6 Nxe6 24. Bd3 Nf6 25. Bc4 Nd4 26. Qa3 Qxa3 27. Bxa3 Nf3+ 28. Kg2 Nd2 29. Rc1 Nxc4 30. Rxc4 Rc8 31. g4 Nd5 32. h4 f6 33. Ra4 Kf7 34. h5 Ke6 35. Bc5 f5 36. f3 Rc7 37. Ra8 Nf6 38. Kh3 fxg4+ 39. fxg4 Ne4 40. Bd4 c5 41. Re8+ Kd5 42. Bb2 Ng5+ 43. Kh4 Ne6 44. Rb8 h6 45. Rb5 Rf7 46. Kg3 Ng5 47. Rb8 Ne4+ 48. Kg2 c4 49. Rd8+ Kc6 50. Be5 Re7 51. Bd4 Ng5 52. Bc3 Ne6 53. Rc8+ Kd5 54. Kf2 Ra7 55. Ke3 Ra3 56. Kd2 Ra2+ 57. Kd1 Rg2 58. Ra8 Rxg4 59. Ra5+ Ke4 0-1

[Event "Elit(Stockholms SS-Kristallen)"]
[Site "?"]
[Date "2025.03.08"]
[Round "8"]
[White "Cederstam, Carl"]
[Black "Ral Lustig, Melvin"]
[Result "0-1"]
[WhiteElo "2301"]
[BlackElo "2154"]
[PlyCount "122"]
[SourceVersionDate "2025.03.28"]

1. e4 e5 2. Nf3 Nc6 3. Bb5 a6 4. Ba4 Nf6 5. O-O d6 6. Re1 Bd7 7. c4 g6 8. Nc3 Bg7 9. d3 O-O 10. Rb1 Nd4 11. Nxd4 Bxa4 12. Qxa4 exd4 13. Ne2 Ng4 14. f3 Qh4 15. Bf4 Qf2+ 16. Kh1 Ne3 17. Bxe3 Qxe3 18. Rbd1 b5 19. Qc2 c5 20. f4 Qf2 21. Rf1 Qh4 22. f5 Be5 23. g3 Qh5 24. Rde1 g5 25. f6 Qh6 26. Rf5 Bxf6 27. Qc1 Rae8 28. Ref1 Re6 29. Ng1 Be5 30. Rxg5+ Kh8 31. b3 Rg6 32. Rxg6 Qxc1 33. Rg8+ Kxg8 34. Rxc1 f5 35. exf5 Rxf5 36. Kg2 Bg7 37. Re1 d5 38. cxd5 Rxd5 39. Nf3 Rd6 40. Re8+ Bf8 41. Nd2 Rc6 42. Rd8 Kf7 43. Kf3 Be7 44. Rd5 Rh6 45. h4 Ke6 46. Ke4 Rg6 47. Re5+ Kd7 48. Kf3 Bd6 49. Rg5 Rxg5 50. hxg5 Ke6 51. a4 Kf5 52. axb5 axb5 53. g4+ Ke5 54. Kg3 Bc7 55. Kf3 Bd8 56. Ne4 Be7 57. Kg3 c4 58. bxc4 bxc4 59. Kf3 c3 60. Ke2 Kf4 61. Kd1 Bxg5 0-1

[Event "Elit(SS 4 Springare-LASK)"]
[Site "?"]
[Date "2025.03.08"]
[Round "8"]
[White "Seiger, Vidar"]
[Black "Jogstad, Martin"]
[Result "0-1"]
[WhiteElo "2164"]
[BlackElo "2375"]
[PlyCount "66"]
[SourceVersionDate "2025.03.29"]

1. Nf3 d5 2. g3 Nf6 3. Bg2 Bf5 4. O-O e6 5. c4 c6 6. d3 Nbd7 7. Be3 Bd6 8. Qb3 Qb8 9. Nc3 h6 10. cxd5 exd5 11. Bd4 O-O 12. Rfe1 Re8 13. Qc2 c5 14. Bxf6 Nxf6 15. e4 dxe4 16. dxe4 Bg4 17. h3 Bxf3 18. Bxf3 Be5 19. Bg2 g5 20. Nd1 Qd6 21. Ne3 Rad8 22. Nf5 Qf8 23. Rf1 Bd4 24. Kh2 Re6 25. Rad1 Nh5 26. Bf3 Ng7 27. Bg4 Nxf5 28. Bxf5 Ra6 29. a4 Rad6 30. Rd3 Qg7 31. Rfd1 Qe5 32. b3 Bxf2 33. Kg2 Bxg3 0-1

[Event "Elit(Stockholms SS-Kristallen)"]
[Site "?"]
[Date "2025.03.08"]
[Round "8"]
[White "Ljung, Harald"]
[Black "Tuomainen, Felix"]
[Result "1-0"]
[WhiteElo "2173"]
[BlackElo "2241"]
[PlyCount "119"]
[SourceVersionDate "2025.03.28"]

1. d4 Nf6 2. Nf3 g6 3. c4 c6 4. Nc3 d5 5. e3 Bg7 6. Be2 O-O 7. O-O Bf5 8. b3 Nbd7 9. Bb2 Ne4 10. Rc1 Ndf6 11. Ne5 dxc4 12. bxc4 Nxc3 13. Rxc3 Ne4 14. Rc1 Bxe5 15. dxe5 Qb6 16. Ba1 Rfd8 17. Qa4 Rd2 18. Bf3 Ng5 19. Bd1 Rad8 20. c5 Qb5 21. Qh4 Ne6 22. Bb3 Nxc5 23. Bc4 Qa4 24. Qxe7 Ne6 25. Bb3 Qg4 26. h3 Qh5 27. Rc4 Qg5 28. Qxg5 Nxg5 29. Ra4 Bd3 30. Rd1 Rxd1+ 31. Bxd1 Ne6 32. Bf3 a6 33. Bc3 b5 34. Ra5 c5 35. a3 Rb8 36. Bd5 Nc7 37. Bc6 Rb6 38. Bf3 Kf8 39. a4 Ne6 40. axb5 axb5 41. Ra8+ Kg7 42. Ba5 b4 43. Bxb6 b3 44. Rb8 b2 45. Bxc5 b1=Q+ 46. Rxb1 Bxb1 47. Be7 g5 48. g4 Kg6 49. Kg2 Ng7 50. Bd5 h5 51. Kg3 hxg4 52. hxg4 Ne8 53. Bc6 Nc7 54. f4 gxf4+ 55. exf4 Bc2 56. Bd7 Nd5 57. f5+ Kg7 58. Bc5 Be4 59. e6 fxe6 60. Bxe6 1-0

[Event "Elit(SS 4 Springare-LASK)"]
[Site "?"]
[Date "2025.03.08"]
[Round "8"]
[White "Sjodahl, Pontus"]
[Black "Nygren, Kim"]
[Result "1-0"]
[WhiteElo "2430"]
[BlackElo "2155"]
[PlyCount "91"]
[SourceVersionDate "2025.03.29"]

1. d4 Nf6 2. c4 g6 3. Nc3 Bg7 4. e4 d6 5. f3 O-O 6. Be3 Nc6 7. Nge2 a6 8. Qd2 e5 9. d5 Nd4 10. Nxd4 exd4 11. Bxd4 c5 12. dxc6 bxc6 13. Be2 c5 14. Be3 Rb8 15. O-O Nd7 16. Rac1 Ne5 17. b3 Nc6 18. Rfd1 Nd4 19. Bd3 f5 20. Ne2 Bb7 21. Nxd4 cxd4 22. Bf2 Qe8 23. Re1 Be5 24. exf5 gxf5 25. Bf1 Qh5 26. f4 Qh6 27. g3 Rf6 28. Rcd1 Qh5 29. Bg2 Bxg2 30. Kxg2 Rh6 31. h4 Bf6 32. Qe2 Qg6 33. Qe6+ Kh8 34. Qxf6+ Qxf6 35. Bxd4 Qxd4 36. Rxd4 Rg8 37. Kf2 Rhg6 38. Re3 Kg7 39. Rd5 Rf8 40. Re7+ Kh6 41. Rd7 Rff6 42. Ra7 Kh5 43. Kf3 h6 44. Rxa6 Rg8 45. Raa5 Kg6 46. h5+ 1-0

[Event "Elit(Stockholms SS-Kristallen)"]
[Site "?"]
[Date "2025.03.08"]
[Round "8"]
[White "Renman, Nils-Gustaf"]
[Black "Ostling, Hakan"]
[Result "1-0"]
[WhiteElo "2306"]
[BlackElo "2140"]
[PlyCount "83"]
[SourceVersionDate "2025.03.28"]

1. d4 f5 2. Nc3 d5 3. Bf4 Nf6 4. e3 e6 5. Bd3 a6 6. Nce2 c5 7. c3 Nc6 8. Nf3 Bd6 9. O-O O-O 10. Re1 b6 11. c4 Nb4 12. cxd5 exd5 13. dxc5 Nxd3 14. Qxd3 bxc5 15. Rac1 Be7 16. Red1 Qb6 17. Be5 Bb7 18. Nf4 g6 19. Bxf6 Bxf6 20. Nxd5 Bxd5 21. Qxd5+ Kh8 22. b3 Rad8 23. Qc4 Bb2 24. Rb1 Bf6 25. h4 Qb5 26. Rxd8 Rxd8 27. Qf7 Bg7 28. Ng5 Qd3 29. Rc1 Qd2 30. Qc4 Bb2 31. Rb1 Rd7 32. Qxc5 Kg7 33. Nf3 Qc3 34. Qxc3+ Bxc3 35. Rc1 Bf6 36. Kf1 a5 37. Ke2 Kf7 38. Rc4 Ke7 39. g3 h6 40. h5 g5 41. Rc5 g4 42. Ne5 1-0

[Event "Elit(SS 4 Springare-LASK)"]
[Site "?"]
[Date "2025.03.08"]
[Round "8"]
[White "Gajic, Mladen"]
[Black "Smith, Axel"]
[Result "1/2-1/2"]
[WhiteElo "2266"]
[BlackElo "2430"]
[PlyCount "75"]
[SourceVersionDate "2025.03.29"]

1. d4 Nf6 2. Nf3 c5 3. e3 g6 4. c3 Qc7 5. Be2 Bg7 6. O-O d5 7. Qa4+ Nbd7 8. dxc5 Qxc5 9. Nbd2 O-O 10. e4 Nb6 11. Qc2 Qc7 12. Re1 Rd8 13. exd5 Nfxd5 14. Bf1 Bf5 15. Qb3 Nf4 16. Nc4 Nbd5 17. Nce5 Ne6 18. Qc4 Qxc4 19. Bxc4 Rac8 20. Bb3 Nc5 21. Nd4 Nxb3 22. axb3 a6 23. f3 Bd7 24. Ra5 Be8 25. Bd2 e6 26. c4 Ne7 27. Bc3 Nf5 28. Nxf5 gxf5 29. f4 Bc6 30. Re3 Rd1+ 31. Kf2 Kf8 32. Rg3 Bxe5 33. Rxe5 Rc1 34. Re2 Ke7 35. Bb4+ Kf6 36. Bc3+ Ke7 37. Bb4+ Kf6 38. Bc3+ 1/2-1/2

[Event "Elit(Eksjo-Kungstornet)"]
[Site "?"]
[Date "2025.03.08"]
[Round "8"]
[White "Cicak, Slavko"]
[Black "Heberla, Bartlomiej"]
[Result "1/2-1/2"]
[WhiteElo "2489"]
[BlackElo "2498"]
[PlyCount "72"]
[SourceVersionDate "2025.03.26"]

1. Nf3 d5 2. e3 Nf6 3. b3 e6 4. Bb2 c5 5. Bb5+ Nbd7 6. O-O Be7 7. Be2 O-O 8. c4 b6 9. cxd5 exd5 10. d4 Bb7 11. Nc3 Bd6 12. Bb5 Qe7 13. Qe2 a6 14. Bxd7 Nxd7 15. Rfd1 c4 16. bxc4 dxc4 17. Qxc4 b5 18. Qe2 Nb6 19. Rac1 Rac8 20. Ne5 Qe6 21. Ba1 Rc7 22. Nb1 Rfc8 23. Rxc7 Rxc7 24. e4 f6 25. d5 Qe8 26. Qe3 Bc5 27. d6 Bxe3 28. dxc7 Nd5 29. exd5 fxe5 30. fxe3 Qe7 31. d6 Qg5 32. Rd2 Qxe3+ 33. Kf1 Qf4+ 34. Kg1 Qe3+ 35. Kf1 Qf4+ 36. Kg1 Qe3+ 1/2-1/2

[Event "Elit(Vaxjo-Wasa)"]
[Site "?"]
[Date "2025.03.08"]
[Round "8"]
[White "Amin, Bassem"]
[Black "Hillarp-Persson, Tiger"]
[Result "1-0"]
[WhiteElo "2648"]
[BlackElo "2468"]
[PlyCount "53"]
[SourceVersionDate "2025.03.29"]

1. e4 c5 2. Nf3 d6 3. Bb5+ Nd7 4. O-O a6 5. Be2 Ngf6 6. d3 e6 7. a4 Be7 8. Nc3 b6 9. Nd2 Nb8 10. f4 Nc6 11. Bf3 d5 12. g4 h6 13. exd5 Nxd5 14. Nc4 Bb7 15. Nxd5 exd5 16. Ne3 Nd4 17. Bg2 Ne6 18. c4 Nc7 19. Nf5 O-O 20. g5 hxg5 21. fxg5 Bxg5 22. Qg4 Bf6 23. Nh6+ Kh8 24. Qh5 g6 25. Nxf7+ Kg7 26. Qh6+ Kxf7 27. Bg5 1-0

[Event "Elit(Rockaden, Stockholm-Limhamn)"]
[Site "?"]
[Date "2025.03.08"]
[Round "8"]
[White "Domingo Nunez, Ruben"]
[Black "Neiksans, Arturs"]
[Result "1/2-1/2"]
[WhiteElo "2566"]
[BlackElo "2426"]
[PlyCount "25"]
[SourceVersionDate "2025.03.29"]

1. e4 d5 2. exd5 Qxd5 3. Nc3 Qa5 4. g3 Nf6 5. Bg2 e5 6. Nge2 Bd6 7. d4 Nc6 8. O-O O-O 9. Bd2 Qb6 10. Bg5 exd4 11. Bxf6 dxc3 12. Bxc3 Bf5 13. Nd4 1/2-1/2

[Event "Elit(Eksjo-Kungstornet)"]
[Site "?"]
[Date "2025.03.08"]
[Round "8"]
[White "Gdanski, Jacek"]
[Black "Lyrberg, Patrik"]
[Result "1-0"]
[WhiteElo "2484"]
[BlackElo "2439"]
[PlyCount "78"]
[SourceVersionDate "2025.03.26"]

1. e4 e5 2. Nf3 Nc6 3. Bb5 a6 4. Ba4 Nf6 5. O-O d6 6. Bxc6+ bxc6 7. d4 exd4 8. Qxd4 c5 9. Qa4+ Bd7 10. Qa5 Bc6 11. Re1 Be7 12. Bg5 O-O 13. Nc3 h6 14. Bxf6 Bxf6 15. e5 Be7 16. Rad1 Bxf3 17. gxf3 Bh4 18. Ne4 f5 19. exf6 Qc8 20. b4 Rf7 21. bxc5 Qf5 22. Qa3 d5 23. Ng3 Qxc2 24. fxg7 c6 25. Qd3 Qxd3 26. Rxd3 Be7 27. Re6 Rc8 28. Nh5 Kh7 29. Rde3 Re8 30. Kf1 d4 31. R3e4 d3 32. Rd4 Rf5 33. Ng3 Rxc5 34. Rxd3 Kxg7 35. Rd7 Kf7 36. Rxh6 Rd5 37. Rc7 c5 38. Rxa6 Kf8 39. Rh6 Rd4 1-0

[Event "Elit(Vaxjo-Wasa)"]
[Site "?"]
[Date "2025.03.08"]
[Round "8"]
[White "Sumets, Andrey"]
[Black "Berg, Emanuel"]
[Result "1/2-1/2"]
[WhiteElo "2511"]
[BlackElo "2502"]
[PlyCount "63"]
[SourceVersionDate "2025.03.29"]

1. d4 Nf6 2. Nf3 g6 3. Nbd2 Bg7 4. e4 d6 5. Bd3 O-O 6. O-O Nc6 7. c3 e5 8. dxe5 Nxe5 9. Nxe5 dxe5 10. Qc2 h5 11. Nc4 Nh7 12. Rd1 Qe7 13. Be3 h4 14. h3 Bf6 15. b4 b6 16. a4 Bg5 17. Qe2 Bf4 18. Bxf4 exf4 19. Nd2 a5 20. Qf3 axb4 21. cxb4 Qxb4 22. Qxf4 Rxa4 23. Rac1 Qd6 24. Qxd6 cxd6 25. Nc4 Be6 26. Nxb6 Rb4 27. Rc6 Rb8 28. Nc4 d5 29. exd5 Bxd5 30. Rc5 Nf6 31. Ne3 Be6 32. Bc2 1/2-1/2

[Event "Elit(Rockaden, Stockholm-Limhamn)"]
[Site "?"]
[Date "2025.03.08"]
[Round "8"]
[White "Hammer, Jon Ludvig"]
[Black "Jepson, Christian"]
[Result "1-0"]
[WhiteElo "2603"]
[BlackElo "2404"]
[PlyCount "83"]
[EventDate "2025.??.??"]
[SourceVersionDate "2025.03.29"]

1. e4 d6 2. d4 Nf6 3. Nc3 Nbd7 4. g4 h6 5. Nf3 e5 6. Rg1 c6 7. h4 exd4 8. Qxd4 Qb6 9. Qxb6 axb6 10. g5 hxg5 11. hxg5 Nh5 12. a4 b5 13. b3 bxa4 14. Rxa4 Rxa4 15. Nxa4 b5 16. Nb2 Nc5 17. e5 Bf5 18. Nd4 Be4 19. Bg2 Bxg2 20. Rxg2 Kd7 21. Nf3 g6 22. Be3 d5 23. Bxc5 Bxc5 24. Nd3 Bb6 25. Rh2 Ra8 26. b4 Ke6 27. Kd2 Ra1 28. Rh4 Kf5 29. Rh2 Rb1 30. Kc3 Nf4 31. Rh7 d4+ 32. Kd2 Nd5 33. Rxf7+ Ke4 34. e6 Nc3 35. Nc1 Bd8 36. Rd7 Kxf3 37. Rxd8 Ne4+ 38. Kd3 Rxc1 39. Rf8+ Kg2 40. Kxe4 Re1+ 41. Kxd4 Rxe6 42. Rf6 1-0

[Event "Elit(Eksjo-Kungstornet)"]
[Site "?"]
[Date "2025.03.08"]
[Round "8"]
[White "Aronsson, Marten"]
[Black "Lukez, Giamfranko"]
[Result "1-0"]
[WhiteElo "2313"]
[BlackElo "2276"]
[PlyCount "77"]
[EventDate "2025.??.??"]
[SourceVersionDate "2025.03.26"]

1. Nf3 g6 2. g3 Bg7 3. Bg2 d6 4. O-O Nf6 5. d4 O-O 6. Re1 Nc6 7. d5 Nb8 8. Nc3 c6 9. e4 Bg4 10. Be3 Nbd7 11. h3 Bxf3 12. Qxf3 Rc8 13. Qe2 Qa5 14. a3 cxd5 15. exd5 Rfe8 16. Bd4 Nb6 17. Qd3 Qa6 18. Qd1 Na4 19. Na2 Nd7 20. Nb4 Qa5 21. Bxg7 Kxg7 22. b3 Nc3 23. Qd4+ Nf6 24. g4 Qc5 25. Qxc5 Rxc5 26. g5 Nd7 27. Nd3 Rc7 28. Re3 Nb6 29. Nf4 a5 30. a4 Rc5 31. Rd3 h6 32. h4 hxg5 33. hxg5 Rh8 34. Re1 Rh4 35. Rd4 Kg8 36. Rxe7 Nbxd5 37. Re8+ Kh7 38. Nxd5 Ne2+ 39. Kf1 1-0

[Event "Elit(Vaxjo-Wasa)"]
[Site "?"]
[Date "2025.03.08"]
[Round "8"]
[White "Meshkovs, Nikita"]
[Black "Arman, Deniz"]
[Result "1-0"]
[WhiteElo "2537"]
[BlackElo "2371"]
[PlyCount "111"]
[SourceVersionDate "2025.03.29"]

1. Nf3 Nf6 2. c4 g6 3. Nc3 Bg7 4. e4 d6 5. d4 Bg4 6. Be2 Bxf3 7. Bxf3 e5 8. d5 h5 9. Rb1 Bh6 10. Bxh6 Rxh6 11. Qd2 Rh8 12. b4 Nbd7 13. h3 Kf8 14. O-O Kg7 15. Rfc1 Qe7 16. Na4 a5 17. c5 axb4 18. Qxb4 Rhb8 19. cxd6 cxd6 20. Be2 Nc5 21. Nxc5 dxc5 22. Qc4 b5 23. Rxb5 Rxb5 24. Qxb5 Nxe4 25. Bd3 Qg5 26. Rc2 Nd2 27. Be2 Ne4 28. Bd3 Nd6 29. Qxc5 Qf6 30. Qb4 e4 31. Bf1 Qe5 32. a4 Nf5 33. Re2 e3 34. fxe3 Ng3 35. Rf2 Qxd5 36. Rd2 Qf5 37. Qd4+ Kg8 38. Rf2 Qg5 39. Qf4 Qxf4 40. Rxf4 g5 41. Rd4 Rc8 42. Rd1 Rc5 43. Ra1 Ra5 44. Bb5 Ne4 45. Rc1 Kg7 46. Rc6 Ra8 47. Kf1 Rd8 48. Ke1 Nd6 49. Rc5 f6 50. Rc7+ Kg6 51. Rd7 Rxd7 52. Bxd7 Nb7 53. Be8+ Kf5 54. Bxh5 Ke5 55. Bf3 Na5 56. g3 1-0

[Event "Elit(Rockaden, Stockholm-Limhamn)"]
[Site "?"]
[Date "2025.03.08"]
[Round "8"]
[White "Lindgren, Philip"]
[Black "Trost, Edvin"]
[Result "0-1"]
[WhiteElo "2386"]
[BlackElo "2443"]
[PlyCount "74"]
[SourceVersionDate "2025.03.29"]

1. d4 Nf6 2. c4 e6 3. Nf3 d5 4. cxd5 exd5 5. Nc3 c6 6. Bg5 h6 7. Bh4 Bf5 8. e3 Nbd7 9. Bd3 Bxd3 10. Qxd3 Bd6 11. O-O O-O 12. Rab1 Re8 13. b4 a6 14. Rfc1 g5 15. Bg3 Bxg3 16. hxg3 Ne4 17. a4 Qf6 18. Qc2 Nxc3 19. Qxc3 Nb6 20. Ra1 Nc4 21. Ra2 Kg7 22. Rca1 h5 23. b5 h4 24. gxh4 gxh4 25. bxc6 bxc6 26. Nd2 Nxd2 27. Rxd2 h3 28. gxh3 Rh8 29. f4 Rxh3 30. Rg2+ Kh8 31. Kf2 Re8 32. Rag1 Qh4+ 33. Ke2 Qxf4 34. Kd1 Rexe3 35. Rg8+ Kh7 36. R8g7+ Kh6 37. Qd2 Rd3 0-1

[Event "Elit(Eksjo-Kungstornet)"]
[Site "?"]
[Date "2025.03.08"]
[Round "8"]
[White "Olsson, William"]
[Black "von Bahr, Oskar"]
[Result "1-0"]
[WhiteElo "2369"]
[BlackElo "2363"]
[PlyCount "111"]
[SourceVersionDate "2025.03.26"]

1. c4 e5 2. g3 Nf6 3. Bg2 d5 4. cxd5 Nxd5 5. Nf3 Nc6 6. O-O Nb6 7. b3 g6 8. Nc3 Bg7 9. Ba3 a5 10. Ne1 Nb4 11. Nc2 c5 12. Ne3 O-O 13. Ne4 Qe7 14. Rc1 Nd7 15. Bxb4 cxb4 16. Nd5 Qd8 17. Qc2 Nf6 18. Nexf6+ Bxf6 19. Qc7 Ra6 20. Qb8 Bg5 21. h4 Be6 22. Qxe5 Bxd5 23. Qxg5 Bxg2 24. Kxg2 Re6 25. Rfe1 f6 26. Qg4 Qd5+ 27. Qf3 Qxd2 28. Qxb7 Rd8 29. e4 Red6 30. Red1 Qxd1 31. Rxd1 Rxd1 32. Qb6 R8d6 33. Qxa5 R1d4 34. h5 gxh5 35. Kf3 Kg7 36. Qxh5 Ra6 37. Ke3 Rd8 38. Qc5 Rda8 39. Qxb4 Rxa2 40. f4 R8a7 41. f5 R2a5 42. Qb6 R5a6 43. Qb4 Ra5 44. g4 h6 45. Qb6 R5a6 46. Qb5 Ra1 47. Qe8 Rf7 48. b4 Rg1 49. Kf3 Rf1+ 50. Kg2 Rb1 51. b5 Rb3 52. Kf2 Rd3 53. e5 fxe5 54. Qxe5+ Kg8 55. Qe8+ Kg7 56. Qe6 1-0